[Event "POL-ch Blitz U18"]
[Site "Bydgoszcz"]
[Date "2023.08.31"]
[Round "8"]
[White "Janik, Albert"]
[Black "Lobacz, Cezary"]
[Result "1-0"]
[WhiteElo "1010"]
[BlackElo "1064"]
[PlyCount "81"]
[EventDate "2023.08.28"]
[EventType "swiss"]
[EventRounds "10"]
[EventCountry "POL"]
[SourceTitle "EXT 2024"]
[Source "ChessBase"]
[SourceDate "2023.10.10"]
[SourceVersion "1"]
[SourceVersionDate "2023.10.10"]
[SourceQuality "1"]

1. c4 c5 2. Nc3 Nc6 3. g3 g6 4. Bg2 Bg7 5. e4 e5 6. Nge2 Nge7 7. d3 d6 8. Be3 Be6 9. 0-0 0-0 10. f4 Rc8 11. Qb3 b6 12. Rf2 Nd4 13. Bxd4 exd4 14. Nd5 Bxd5 15. cxd5 f5 16. exf5 Nxf5 17. Re1 Ne3 18. Bh3 Rc7 19. Be6+ Kh8 20. Nc1 c4 21. dxc4 Nxc4 22. Nd3 Ne3 23. Kh1 Re8 24. Qa3 Rce7 25. Qb3 Qc7 26. Rc1 Qb8 27. h3 a5 28. g4 b5 29. f5 gxf5 30. gxf5 a4 31. Qb4 Rxe6 32. dxe6 Nd5 33. Qe1 Bh6 34. Rd1 Ne3 35. Rdd2 Ng2 36. Rxg2 Bxd2 37. Qxd2 Qb7 38. Qg5 b4 39. e7 Qxe7 40. f6 Qf7 41. Qg7+ 1-0

[Event "POL-ch Blitz U18"]
[Site "Bydgoszcz"]
[Date "2023.08.31"]
[Round "7"]
[White "Lobacz, Cezary"]
[Black "Oszutowski, Antoni"]
[Result "1-0"]
[WhiteElo "1064"]
[BlackElo "1067"]
[PlyCount "56"]
[EventDate "2023.08.28"]
[EventType "swiss"]
[EventRounds "10"]
[EventCountry "POL"]
[SourceTitle "EXT 2024"]
[Source "ChessBase"]
[SourceDate "2023.10.10"]
[SourceVersion "1"]
[SourceVersionDate "2023.10.10"]
[SourceQuality "1"]

1. e4 e5 2. Nf3 Nc6 3. d4 exd4 4. Bc4 Nf6 5. e5 d5 6. Bb5 Ne4 7. Nxd4 Bd7 8. Bxc6 Bxc6 9. 0-0 Be7 10. Be3 0-0 11. f3 Nc5 12. f4 Ne6 13. f5 Nxd4 14. Bxd4 Bb5 15. Rf2 Bb4 16. c3 Be7 17. f6 Bxf6 18. exf6 g6 19. Qd2 Re8 20. Na3 Qd6 21. Nxb5 Qf8 22. Nxc7 Rac8 23. Nxe8 Rxe8 24. Re1 Rxe1+ 25. Qxe1 a5 26. Qe7 b5 27. Qxf8+ Kxf8 28. Re2 h5 1-0

[Event "POL-ch Rapid U18"]
[Site "Bydgoszcz"]
[Date "2023.08.29"]
[Round "4"]
[White "Folta, Kacper"]
[Black "Lobacz, Cezary"]
[Result "0-1"]
[WhiteElo "1034"]
[BlackElo "1138"]
[PlyCount "102"]
[EventDate "2023.08.28"]
[EventType "swiss"]
[EventRounds "11"]
[EventCountry "POL"]
[SourceTitle "EXT 2024"]
[Source "ChessBase"]
[SourceDate "2023.10.10"]
[SourceVersion "1"]
[SourceVersionDate "2023.10.10"]
[SourceQuality "1"]

1. d4 d5 2. c4 e5 3. dxe5 d4 4. a3 Nc6 5. Nf3 Nge7 6. e3 Bg4 7. exd4 Bxf3 8. gxf3 Qxd4 9. Qxd4 Nxd4 10. Bd3 Nxf3+ 11. Ke2 Nxe5 12. Bf4 Nxd3 13. Kxd3 0-0-0+ 14. Kc3 Ng6 15. Bg3 Bd6 16. Nd2 Bxg3 17. hxg3 Rd6 18. Ne4 Re6 19. Ng5 Rf6 20. Ne4 Rc6 21. Ng5 h6 22. Ne4 Re8 23. Rhe1 Rce6 24. f3 f5 25. Rad1 fxe4 26. f4 Ne7 27. b4 Nf5 28. g4 Nh4 29. f5 Re5 30. Re3 Nf3 31. Rf1 h5 32. gxh5 Rxf5 33. c5 Nh4 34. Rg1 Rxh5 35. Rxg7 Nf5 36. Rgg3 Nxg3 37. Rxg3 Rf5 38. Re3 Rf3 39. Kd2 Rxe3 40. Kxe3 b6 41. c6 Kd8 42. b5 Re6 43. a4 Ke7 44. Ke2 Kd6 45. Ke3 Kd5 46. Ke2 Kd4 47. a5 bxa5 48. b6 axb6 49. Kd1 Kd3 50. Ke1 Rf6 51. Kd1 Rf1# 0-1

[Event "POL-ch Rapid U18"]
[Site "Bydgoszcz"]
[Date "2023.08.29"]
[Round "6"]
[White "Rabiej, Mateusz"]
[Black "Lobacz, Cezary"]
[Result "1-0"]
[WhiteElo "1452"]
[BlackElo "1138"]
[PlyCount "115"]
[EventDate "2023.08.28"]
[EventType "swiss"]
[EventRounds "11"]
[EventCountry "POL"]
[SourceTitle "EXT 2024"]
[Source "ChessBase"]
[SourceDate "2023.10.10"]
[SourceVersion "1"]
[SourceVersionDate "2023.10.10"]
[SourceQuality "1"]

1. d4 d5 2. c4 e5 3. dxe5 d4 4. Nf3 Nc6 5. Nbd2 Nge7 6. Nb3 Nf5 7. e3 Bb4+ 8. Bd2 dxe3 9. Bxb4 exf2+ 10. Kxf2 Qxd1 11. Rxd1 Nxb4 12. a3 Nc6 13. Bd3 Nfe7 14. h3 Bf5 15. Bxf5 Nxf5 16. g4 Nfe7 17. Nfd4 Nxd4 18. Rxd4 Nc6 19. Rd5 0-0 20. Nc5 b6 21. Na6 Rad8 22. Re1 Na5 23. Re4 c6 24. Rdd4 c5 25. Rd5 Nc6 26. b4 cxb4 27. axb4 Rxd5 28. cxd5 Ne7 29. d6 Ng6 30. Nc7 a5 31. bxa5 bxa5 32. e6 fxe6+ 33. Kg3 Rd8 34. Rxe6 Nf8 35. Re5 Rxd6 36. Rxa5 Ne6 37. Nd5 Nd4 38. h4 Nb3 39. Ra8+ Kf7 40. Ra7+ Kg6 41. Nf4+ Kf6 42. g5+ Ke5 43. Rxg7 Rd1 44. Nh5 Rd3+ 45. Kg2 Rd4 46. Re7+ Kd6 47. Rxh7 Rxh4 48. Kg3 Rh1 49. Rh6+ Ke5 50. g6 Rg1+ 51. Kf2 Rg5 52. g7 Rf5+ 53. Ke1 Rg5 54. Rh8 Nd4 55. g8Q Rxg8 56. Rxg8 Kf5 57. Ng3+ Kf4 58. Ne2+ 1-0

[Event "Wch U08 blitz"]
[Site "Batumi"]
[Date "2023.06.11"]
[Round "7"]
[White "Nabiyev, Iman"]
[Black "Lobacz, Cezary"]
[Result "1-0"]
[WhiteElo "1307"]
[BlackElo "1217"]
[PlyCount "37"]
[EventDate "2023.06.10"]
[EventType "swiss (blitz)"]
[EventRounds "11"]
[EventCountry "GEO"]
[SourceTitle "EXT 2024"]
[Source "ChessBase"]
[SourceDate "2023.10.10"]
[SourceVersion "1"]
[SourceVersionDate "2023.10.10"]
[SourceQuality "1"]
[WhiteTeam "Kazakhstan"]
[BlackTeam "Poland"]
[WhiteTeamCountry "KAZ"]
[BlackTeamCountry "POL"]

1. e4 c5 2. Nf3 e6 3. d4 cxd4 4. Nxd4 Nf6 5. Nc3 Nc6 6. Ndb5 Bb4 7. a3 Bxc3+ 8. Nxc3 0-0 9. Bd3 d5 10. exd5 exd5 11. 0-0 Re8 12. Bg5 h6 13. Bxf6 gxf6 14. Nxd5 Kg7 15. Nf4 Qd4 16. Nh5+ Kg8 17. Qd2 Qxb2 18. Qxh6 Re6 19. Qg7# 1-0

[Event "Wch U08 rapid"]
[Site "Batumi"]
[Date "2023.06.07"]
[Round "6"]
[White "Lobacz, Cezary"]
[Black "Babkin, Timofey Dm"]
[Result "0-1"]
[WhiteElo "1137"]
[BlackElo "1347"]
[PlyCount "59"]
[EventDate "2023.06.06"]
[EventType "swiss (rapid)"]
[EventRounds "11"]
[EventCountry "GEO"]
[SourceTitle "EXT 2024"]
[Source "ChessBase"]
[SourceDate "2023.10.10"]
[SourceVersion "1"]
[SourceVersionDate "2023.10.10"]
[SourceQuality "1"]
[WhiteTeam "Poland"]
[BlackTeam "FIDE"]
[WhiteTeamCountry "POL"]

1. e4 d5 2. exd5 Qxd5 3. Nc3 Qa5 4. d4 Nf6 5. Nf3 Bg4 6. Bc4 Nc6 7. Be3 0-0-0 8. Bxf7 e5 9. d5 Rd7 10. h3 Bf5 11. 0-0 Nd8 12. Nh4 Bxh3 13. gxh3 Rxf7 14. Nf5 Nxd5 15. Nxd5 Rxf5 16. Qg4 g6 17. c4 Qa6 18. Bd2 h5 19. Qg2 Nf7 20. Qe4 Ng5 21. Bxg5 Rxg5+ 22. Kh1 Qe6 23. Nf4 Qd7 24. Rad1 Bd6 25. Kh2 exf4 26. Qf3 Qf5 27. Rd5 Qe6 28. Rfd1 Kd7 29. R5d4 Qe5 30. Qe2 0-1